| Tag |
First Indicator |
Second Indicator |
Subfields |
| LEADER |
00000cam a22000004a 4500 |
| 001 |
in00004493113 |
| 005 |
20191203082013.0 |
| 008 |
000810s2001 enkab b 001 0 eng |
| 010 |
|
|
|a 00063066
|
| 020 |
|
|
|a 0521801508
|
| 035 |
|
|
|a (OCoLC)ocm44811929
|
| 035 |
|
|
|z (UtOrBLW)29363
|
| 035 |
|
|
|a 44010
|
| 040 |
|
|
|a DLC
|c DLC
|d C#P
|d UtOrBLW
|
| 042 |
|
|
|a pcc
|
| 043 |
|
|
|a e------
|
| 049 |
|
|
|a TMVM
|c 1
|
| 050 |
0 |
0 |
|a RA650.6.A1
|b S36 2001
|
| 060 |
|
4 |
|a WC 355
|b S429b 2001
|
| 082 |
0 |
0 |
|a 614.4/94
|2 21
|
| 100 |
1 |
|
|a Scott, Susan,
|d 1953-
|
| 240 |
1 |
0 |
|a Biology of plagues (Print)
|
| 245 |
1 |
0 |
|a Biology of plagues :
|b evidence from historical populations /
|c Susan Scott and Christopher J. Duncan.
|
| 264 |
|
1 |
|a Cambridge ;
|a New York :
|b Cambridge University Press,
|c 2001.
|
| 300 |
|
|
|a xiv, 420 pages :
|b illustrations, maps ;
|c 24 cm.
|
| 336 |
|
|
|a text
|2 rdacontent
|b txt
|
| 337 |
|
|
|a unmediated
|2 rdamedia
|
| 338 |
|
|
|a volume
|2 rdacarrier
|b nc
|
| 504 |
|
|
|a Includes bibliographical references (pages 396-409) and index.
|
| 505 |
2 |
|
|a Epidemiological concepts -- The biology of the bubonic plague -- The great pestilence -- Case study : the plague at Penrith in 1587-98 -- Pestilence and plague in the 16th century in England -- Plagues in the 16th century in northern England : a metapopulation study -- Plagues in London in the 17th century -- Plagues in the provinces in the 17th century -- Plague at Eyam in 1665-66 : a case study -- Continental Europe during the third age of plagues -- The plague at Marseilles, 1720-22 : an outbreak of bubonic plague? -- Conclusions.
|
| 520 |
8 |
|
|a History of medicine
|
| 530 |
|
|
|a Also available online.
|
| 650 |
|
2 |
|a Disease Outbreaks
|x history.
|
| 650 |
|
2 |
|a Plague
|x history.
|
| 650 |
|
2 |
|a History, 16th Century.
|
| 700 |
1 |
|
|a Duncan, C. J.
|q (Christopher John)
|
| 776 |
1 |
|
|t Biology of plagues (Online)
|w (CaPaEBR)ebr10005060
|
| 948 |
|
|
|a Keep per EC, 2003 evaluation; retention reasons in 505, 520, 599, or 650 fields; 11/17/2003, sg.
|
| 999 |
|
|
|a MARS
|
| 999 |
f |
f |
|s f6b04eea-9f93-3872-a80c-9a7a8ada3309
|i a9718153-1ee4-377e-9e34-31d6d9e49307
|t 0
|
| 952 |
f |
f |
|p normal
|a Texas A&M University
|b College Station
|c Medical Sciences Library
|d MSL: Book Stacks
|t 0
|e WC 355 S429b 2001
|h National Library of Medicine classification
|i unmediated -- volume
|m 323890167785G
|
| 998 |
f |
f |
|a WC 355 S429b 2001
|t 0
|l MSL: Book Stacks
|